| Tag |
First Indicator |
Second Indicator |
Subfields |
| LEADER |
00000cam a2200000 i 4500 |
| 001 |
in00005696621 |
| 005 |
20260318163738.4 |
| 006 |
m o d |
| 007 |
cr cnu---unuuu |
| 008 |
211218t20222022nyu ob 001 0 eng |
| 010 |
|
|
|a 2021052611
|
| 040 |
|
|
|a DLC
|b eng
|e rda
|c DLC
|d OCLCO
|d OCLCF
|d OCLCO
|d STBDS
|d OH#
|d YDX
|d UBY
|d N$T
|d K6U
|d OCLCQ
|d IUL
|d OCLCQ
|d OCLCO
|d OCLCL
|d VLB
|d OCLCQ
|d CLOUD
|d OCLCO
|d OCLCQ
|d OCLCL
|
| 019 |
|
|
|a 1291275080
|
| 020 |
|
|
|a 9780197637210
|q electronic book
|
| 020 |
|
|
|a 0197637213
|q electronic book
|
| 020 |
|
|
|a 0197637191
|q electronic book
|
| 020 |
|
|
|a 9780197637203
|q electronic publication
|
| 020 |
|
|
|a 0197637205
|q electronic publication
|
| 020 |
|
|
|a 9780197637197
|q (electronic bk.)
|
| 020 |
|
|
|z 9780197637180
|q hardcover
|
| 035 |
|
|
|a (OCoLC)1291583591
|z (OCoLC)1291275080
|
| 042 |
|
|
|a pcc
|
| 050 |
0 |
4 |
|a BF575.A3
|b B79 2022
|
| 082 |
0 |
0 |
|a 155.2/32
|2 23/eng/20220105
|
| 049 |
|
|
|a TXAM
|
| 100 |
1 |
|
|a Burris, Christopher T.,
|e author.
|1 https://id.oclc.org/worldcat/entity/E39PCjCKXP6vwY6xKb3WGBdYT3
|
| 245 |
1 |
0 |
|a Evil in mind :
|b the psychology of harming others /
|c Christopher T. Burris.
|
| 264 |
|
1 |
|a New York, NY :
|b Oxford University Press,
|c [2022]
|
| 264 |
|
4 |
|c ©2022
|
| 300 |
|
|
|a 1 online resource (xii, 184 pages)
|
| 336 |
|
|
|a text
|b txt
|2 rdacontent
|
| 337 |
|
|
|a computer
|b c
|2 rdamedia
|
| 338 |
|
|
|a online resource
|b cr
|2 rdacarrier
|
| 504 |
|
|
|a Includes bibliographical references and index.
|
| 505 |
0 |
|
|a What is "evil" -- "Evildoers" : who (or what) earns the title? -- The "mark of Cain" -- Becoming evil -- Hate -- Sadism -- Serial killers -- Organized evil -- "Evil" spelled backwards is...?.
|
| 520 |
8 |
|
|a This text offers readers a digestible, social-scientific definition and analysis of evil in its various incarnations, including hate, sadism, and a range of harmful behaviors. By mapping out the psychological and environmental factors that amplify our propensity for hurting others, 'Evil in Mind' offers a systematic, research-based understanding of the phenomenon of evil for an accessible and potentially transformative read.
|
| 588 |
|
|
|a Description based on online resource; title from home page (Oxford Academic, viewed January 27, 2023).
|
| 650 |
|
0 |
|a Aggressiveness.
|
| 650 |
|
0 |
|a Cruelty
|x Psychological aspects.
|
| 650 |
|
0 |
|a Good and evil.
|
| 650 |
|
2 |
|a Aggression
|
| 650 |
|
6 |
|a Agressivité.
|
| 650 |
|
6 |
|a Cruauté
|x Aspect psychologique.
|
| 650 |
|
7 |
|a Good & Evil.
|2 bisacsh
|
| 650 |
|
7 |
|a PHILOSOPHY.
|2 bisacsh
|
| 650 |
|
7 |
|a Social Psychology.
|2 bisacsh
|
| 650 |
|
7 |
|a PSYCHOLOGY.
|2 bisacsh
|
| 650 |
|
7 |
|a Criminology.
|2 bisacsh
|
| 650 |
|
7 |
|a SOCIAL SCIENCE.
|2 bisacsh
|
| 650 |
|
7 |
|a Aggressiveness
|2 fast
|
| 650 |
|
7 |
|a Good and evil
|2 fast
|
| 655 |
|
7 |
|a Electronic books.
|2 local
|
| 776 |
0 |
8 |
|i Print version:
|a Burris, Christopher T.
|t Evil in mind
|d New York, NY : Oxford University Press, [2022]
|z 9780197637180
|w (DLC) 2021052610
|w (OCoLC) 1285919435
|
| 856 |
4 |
0 |
|u http://proxy.library.tamu.edu/login?url=https://academic.oup.com/book/41367
|z Connect to the full text of this electronic book
|t 0
|
| 955 |
|
|
|a Oxford Scholarship Online
|
| 994 |
|
|
|a 92
|b TXA
|
| 999 |
f |
f |
|i c0462f37-0724-46ad-b66e-da6f57e72130
|s 9f045c63-0ab7-4a52-be6c-7a0a45c3b0d4
|t 0
|
| 952 |
f |
f |
|a Texas A&M University
|b College Station
|c Electronic Resources
|s www_evans
|d Available Online
|t 0
|e BF575.A3 B79 2022
|h Library of Congress classification
|
| 998 |
f |
f |
|a BF575.A3 B79 2022
|t 0
|l Available Online
|